1166 1481 1411 1829 1442 1979 1422 1933 1689 1489 1824 1097 1448 1549 1459 1401 1710 1828 1139 1069 1845 1762 1820 1348 1551 1464 1209 1957 1521 1603 1160 1606 1887 1993 1091 1607 1109 1202 1062 1437 1388 1987 1463 1255 1449 1964 1863 1481 1003 1776 1535 1030 1751 1573 1784 1425 1912 1770 1355 1358 1884 1415 1892 1496 1370 1990 1654 1549 1252 1216 1133 1207 1054 1419 1002 1214 1098 1633 1525 1885 1401 1800 1894 1459 1472 1181 1318 1650 1366 1782 1846 1255 1625 1934 1018 1045 1692 1474 1194 BCNSPRNW ULIB Ver.6.0+V

เปลี่ยนเป็นภาษาไทย

Change to English
 แสดงรายละเอียดบรรณานุกรม
  กลับหน้าหลัก

Brief Record : Get Marc (ISO 2709) : E-mail record : QR code < ปิดหน้าต่าง
LEADER : 00000nam 2200000uu 4500
001    13399127610
003     ULIB
008    210304s2561||||th 000 0 tha d
020    ^a9786164742901
060  0 ^aWG141^bน276ภ
100 0  ^aนฤมล เชาว์สุวรรณกิจ (บรรณาธิการ)
245 00 ^aภาพวินิจฉัยชั้นสูงของระบบหัวใจและหลอดเลือด/^cนฤมล เชาว์สุวรรณกิจ (บรรณาธิการ)
246 00 ^aAdvanced diagnostic cardiovascular imaging
250    ^aพิมพ์ครั้งที่ 1
260    ^aขอนแก่น:^bคณะแพทยศาสตร์ มหาวิทยาลัยขอนแก่น,^c2561
300    ^a595 หน้า :^cภาพประกอบ
650  0 ^aระบบหัวใจและหลอดเลือด- -โรค
650  0 ^aหัวใจ--โรค
856    ^a^zสารบัญ^uhttps://drive.google.com/file/d/1AYq83GLHfzUUxqCKIQU10dwO0M-gy4Dz/view?usp=sharing
945    ^p1999^l0^i28701
945    ^p1999^l0^i28702
945    ^p1999^l0^i28703
945    ^p1999^l0^i28704
945    ^p1999^l0^i28705
999    ^aกัณชพร จุลอักษร
รายการนี้ยังไม่มีแท็ก
คุณยังไม่ได้ล็อกอิน คุณสามารถมีกิจกรรมร่วมกับเว็บไซต์ได้ แต่ต้องล็อกอินก่อน ::
  ล็อกอิน

รายการสื่อสารสนเทศ

ลำดับที่ ประเภท เลขเรียก/บาร์โค้ด สถานที่ สถานะ
1. หนังสือสำรอง
หนังสือสำรอง
WG141 น276ภ ฉ.1 
  Barcode: 28701
ห้องสมุดวิทยาเขตนครสวรรค์
►หนังสือทั่วไป:l:General Books
บนชั้น
2. วิทยาศาสตร์การแพทย์ และสุขภาพ
วิทยาศาสตร์การแพทย์ และสุขภาพ
WG141 น276ภ ฉ.2 
  Barcode: 28702
ห้องสมุดวิทยาเขตนครสวรรค์
►หนังสือทั่วไป:l:General Books
บนชั้น
3. วิทยาศาสตร์การแพทย์ และสุขภาพ
วิทยาศาสตร์การแพทย์ และสุขภาพ
WG141 น276ภ ฉ.3 
  Barcode: 28703
ห้องสมุดวิทยาเขตนครสวรรค์
►หนังสือทั่วไป:l:General Books
บนชั้น
4. วิทยาศาสตร์การแพทย์ และสุขภาพ
วิทยาศาสตร์การแพทย์ และสุขภาพ
WG141 น276ภ ฉ.4 
  Barcode: 28704
ห้องสมุดวิทยาเขตนครสวรรค์
►หนังสือทั่วไป:l:General Books
บนชั้น
5. วิทยาศาสตร์การแพทย์ และสุขภาพ
วิทยาศาสตร์การแพทย์ และสุขภาพ
WG141 น276ภ ฉ.5 
  Barcode: 28705
ห้องสมุดวิทยาเขตนครสวรรค์
►หนังสือทั่วไป:l:General Books
บนชั้น

รายการใกล้เคียง
    ผู้แต่ง [นฤมล เชาว์สุวรรณกิจ (บรรณาธิการ)]

    หัวเรื่อง [ระบบหัวใจและหลอดเลือด- -โรค]
    หัวเรื่อง [หัวใจ--โรค]

BibComment


ยังไม่เคยถูกคอมเมนท์

คอมเมนท์ทรัพยากรรายการนี้
  คอมเมนท์: ภาพวินิจฉัยชั้นส..


 Copyright 2026. Bcnsprnw @Library